00522nam a2200181 a 450000100060000000300090000600800410001504000280005608200160008410000200010024500460012026000400016630000080020650000170021450500570023165000260028865000260031422430CO-ViMGA141112s2004 ck r 000 u spa d aCO-ViMGAbspacCO-ViMGA04a813.5 W145s1 aWagner, Robin S10aSara T. retrato de una joven alcohólica aBarcelona : bMartinez Roca, c1977 a173 aFecha : 2008 aSara t : retrato de una joven alcohólica 7 - 171 14aALCOHOLICOS - NOVELAS14aNOVELA ESTADOUNIDENSE